| 000 | 00587nam a2200205 a 4500 | ||
|---|---|---|---|
| 001 | 5938 | ||
| 003 | CDMR | ||
| 005 | 20130326185011.0 | ||
| 008 | 130220s2011||||||||||||||||||||||||||||d | ||
| 020 | _a9788493889784 | ||
| 040 |
_aCDMR _bcat _cCDMR |
||
| 100 | 1 |
_aRoig, Montserrat _92620 |
|
| 245 | 1 | 0 |
_aDiari d'uns anys (1975-1981) _cMontserrat Roig ; a cura de Quim Torra ; pròleg de Roger Semper Roig |
| 260 |
_aBarcelona _bAcontravent _c2011 |
||
| 300 |
_a250 p ; _c17 cm |
||
| 490 | 0 |
_aAbans d'ara _v20 |
|
| 630 | _aRecull d'articles | ||
| 700 | 1 |
_92932 _aTorra, Quim |
|
| 942 |
_cMON _2udc |
||
| 999 |
_c5938 _d5938 |
||